Quiz sur Miraculous - Statistiques

Statistiques générales
  • Ce quiz a été pris 238 fois
  • Le résultat moyen est 27 sur 45
Statistiques - réponses
Question Tuile Select % Correct
Lesquels de ces Miraculous Marinette a-t-elle déjà utilisé pour se transformer ? Coccinelle Oui
98%
Lesquels de ces Miraculous Marinette a-t-elle déjà utilisé pour se transformer ? Paon Non
93%
Lesquels de ces Miraculous Marinette a-t-elle déjà utilisé pour se transformer ? Chat Noir Oui
91%
Lesquels de ces personnages connaissent la véritable identité de Ladybug ? Tom Dupain Non
88%
Lesquels de ces Miraculous Marinette a-t-elle déjà utilisé pour se transformer ? Singe Non
87%
Lesquels de ces personnages connaissent la véritable identité de Ladybug ? Adrien Agreste Non
82%
Lesquels de ces personnages ont brisé l'emprise du Papillon ? Noël Lahiffe Non
82%
Lesquels de ces personnages historiques ont pu être vus ou cités dans la série ? Jacques Chirac Non
81%
Lesquels de ces personnages historiques ont pu être vus ou cités dans la série ? Deng Xiaoping Non
78%
Lesquels de ces personnages n'ont jamais été akumatisés par le Papillon? Aurore Beauréal Non
77%
Lesquels de ces Miraculous Marinette a-t-elle déjà utilisé pour se transformer ? Chien Non
77%
Lesquels de ces personnages ont brisé l'emprise du Papillon ? Père Noël Non
77%
Lesquels de ces Miraculous Marinette a-t-elle déjà utilisé pour se transformer ? Abeille Oui
75%
Lesquels de ces personnages historiques ont pu être vus ou cités dans la série ? Jeanne d'Arc Oui
74%
Lesquels de ces personnages connaissent la véritable identité de Ladybug ? Luka Couffaine Oui
74%
Lesquels de ces Miraculous Marinette a-t-elle déjà utilisé pour se transformer ? Cheval Oui
73%
Lesquels de ces personnages historiques ont pu être vus ou cités dans la série ? Elisabeth II Non
73%
Lesquels de ces personnages ont brisé l'emprise du Papillon ? Alya Césaire Oui
70%
Lesquels de ces Miraculous Marinette a-t-elle déjà utilisé pour se transformer ? Dragon Oui
70%
Lesquels de ces personnages n'ont jamais été akumatisés par le Papillon? Otis Césaire Non
70%
Lesquels de ces personnages ont brisé l'emprise du Papillon ? Mylène Harpèle Non
63%
Lesquels de ces personnages n'ont jamais été akumatisés par le Papillon? Véronique Non
62%
Lesquels de ces personnages historiques ont pu être vus ou cités dans la série ? Gustave Eiffel Oui
58%
Lesquels de ces Miraculous Marinette a-t-elle déjà utilisé pour se transformer ? Renard Oui
57%
Lesquels de ces personnages n'ont jamais été akumatisés par le Papillon? Wang Fu Non
57%
Lesquels de ces personnages connaissent la véritable identité de Ladybug ? Alix Kubdel Oui
56%
Lesquels de ces personnages connaissent la véritable identité de Ladybug ? Nathalie Sancœur Oui
54%
Lesquels de ces personnages ont brisé l'emprise du Papillon ? Adrien Agreste Non
53%
Lesquels de ces personnages n'ont jamais été akumatisés par le Papillon? Amélie Graham de Vanily Oui
53%
Lesquels de ces personnages connaissent la véritable identité de Ladybug ? Kagami Tsurugi Oui
50%
Lesquels de ces personnages ont brisé l'emprise du Papillon ? Lila Rossi Oui
50%
Lesquels de ces personnages ont brisé l'emprise du Papillon ? Kagami Tsurugi Oui
49%
Lesquels de ces personnages connaissent la véritable identité de Ladybug ? Félix Fathom Oui
48%
Lesquels de ces personnages n'ont jamais été akumatisés par le Papillon? Félix Fathom Oui
47%
Lesquels de ces personnages n'ont jamais été akumatisés par le Papillon? Marlena Césaire Oui
44%
Lesquels de ces personnages ont brisé l'emprise du Papillon ? Caline Bustier Oui
41%
Lesquels de ces personnages historiques ont pu être vus ou cités dans la série ? Gilbert du Motier de La Fayette Oui
41%
Lesquels de ces personnages n'ont jamais été akumatisés par le Papillon? Su-Han Oui
38%
Lesquels de ces personnages ont brisé l'emprise du Papillon ? Nino Lahiffe Oui
36%
Lesquels de ces personnages historiques ont pu être vus ou cités dans la série ? George Washington Oui
35%
Lesquels de ces personnages n'ont jamais été akumatisés par le Papillon? Mireille Caquet Oui
35%
Lesquels de ces personnages historiques ont pu être vus ou cités dans la série ? Louis XIV Oui
31%
Lesquels de ces personnages connaissent la véritable identité de Ladybug ? Marianne Oui
22%
Lesquels de ces personnages connaissent la véritable identité de Ladybug ? Wang Fu Non
18%
Lesquels de ces personnages historiques ont pu être vus ou cités dans la série ? Mao Zedong Oui
5%
Aucun quiz correspondant
Distribution des résultats
% des personnes avec chaque résultat
Percentile par nombre de réponses
Votre historique - résultats
Vous n’avez pas pris ce quiz